000 00867nam0a22002531 4500
001 v19\rc\1932847
005 20251118180741.8
035 _a(NLR Aleph) 005017843
090 _a6557039
_c6557039
100 _a20080404d1912 u y0rusy50 ca
101 0 _arus
102 _aRU
105 _ay z |||||
200 1 _aУстав Ссудо-сберегательной и взаимопомощи кассы служащих и рабочих товарищества Рождественской мануфактуры П.В. Берг в г. Твери
_e[Утв. 11 сент. 1912 г.]
210 _aТверь
_d1912
215 _a32 с.
702 1 _aБерг
_bП.В.
_4570
801 0 _aRU
_bNLR
_gpsbo
801 0 _aRU
_bRuMoRGB
_2psbo
801 1 _aRU
_bProSoft-M
_2rusmarc
852 _aNLR
_j43.16.9.73
899 _aRuMoRGB
_jV 74/3795
942 _cBOOK
980 _aNB